000 00289 a2200121 4500
001 147597
040 _cEscola São Tomás de Aquino
100 _aSUASSUANA, Ariano
240 1 0 _aAuto da Compadecida
_lpor
245 1 0 _aAuto da Compadecida
697 _aLITERATURA BRASILEIRA
942 _cBK
999 _c147597
_d147597